000 00230nam a2200085Ia 4500
245 0 _aFire-breathers' academy
100 _a Gagliardi, Tina Edina, [c.2009]
_977277
942 _cBK
008 210818s9999 xx 000 0 und d
999 _c452569
_d452568